000 00410nam a22001697a 4500
003 MPLRDC
005 20220104144225.0
008 210129b ||||| |||| 00| 0 eng d
082 _a528.974 RMTY-5*
100 _a人民体育出版社编
245 _a乙组枪术图解
_c
250 _a初版
260 _a
_b人民体育出版社
_c1977
300 _b
650 _a
942 _cBK
_o528.974 RMTY-5*
999 _c47584
_d47574